Statistics for Districts of Bursa (Bursa'nın ilçeleri).

Click here to take the quiz!

General Stats

  • This quiz has been taken 108 times
  • The average score is 13 of 17

Answer Stats

Populatin (Nüfus)District (İlçe)% Correct
536.365Nilüfer
93%
891.250Osmangazi
93%
108.011Mudanya
91%
294.485İnegöl
88%
81.110Orhangazi
88%
655.856Yıldırım
84%
84.907Karacabey
81%
120.245Gemlik
77%
74.109Kestel
75%
44.236İznik
74%
102.284Mustafakemalpaşa
74%
102.601Gürsu
68%
54.844Yenişehir
68%
10.955Keles
65%
5.979Harmancık
61%
8.940Büyükorhan
60%
18.543Orhaneli
60%

Score Distribution

Percentile by Number Answered

Percent of People with Each Score

Your Score History

You have not taken this quiz